Online
Catalog

Buenas y malas palabras en el castellano de Venezuela / (Record no. 11471)

MARC details
000 -CABECERA
campo de control de longitud fija 00851cam a2200241 a 4500
001 - NÚMERO DE CONTROL
campo de control 000011797
005 - FECHA Y HORA DE LA ÚLTIMA TRANSACCIÓN
campo de control 20200929162553.0
008 - DATOS DE LONGITUD FIJA--INFORMACIÓN GENERAL
campo de control de longitud fija 820210s1974 sp 000 0 spa
020 ## - NÚMERO INTERNACIONAL ESTÁNDAR DEL LIBRO
Número Internacional Estándar del Libro 8471560836
040 ## - FUENTE DE LA CATALOGACIÓN
Centro catalogador/agencia de origen DO-SdBNP
Lengua de catalogación spa
Centro/agencia transcriptor BNPHU
082 ## - NÚMERO DE LA CLASIFICACIÓN DECIMAL DEWEY
Número de clasificación 467.987
Número de documento/Ítem R813b
100 1# - ENTRADA PRINCIPAL--NOMBRE DE PERSONA
Nombre de persona Rosenblat, Ángel,
Fechas asociadas al nombre 1902-1984.
9 (RLIN) 27920
245 10 - MENCIÓN DE TÍTULO
Título Buenas y malas palabras en el castellano de Venezuela /
Mención de responsabilidad, etc. Ángel Rosenblat ; prólogo de Mariano Picón-Salas.
250 ## - MENCIÓN DE EDICIÓN
Mención de edición 4a ed.
260 ## - PUBLICACIÓN, DISTRIBUCIÓN, ETC.
Lugar de publicación, distribución, etc. Madrid, (España) :
Nombre del editor, distribuidor, etc. Editorial Mediterráneo,
Fecha de publicación, distribución, etc. 1974.
300 ## - DESCRIPCIÓN FÍSICA
Extensión v. ;
Dimensiones 19 cm.
490 1# - MENCIÓN DE SERIE
Mención de serie Colección de bolsillo EDIME
Designación de volumen o secuencia 66
500 ## - NOTA GENERAL
Nota general La biblioteca posee el v. 2-3
650 #4 - PUNTO DE ACCESO ADICIONAL DE MATERIA--TÉRMINO DE MATERIA
Término de materia o nombre geográfico como elemento de entrada Español
Subdivisión geográfica Venezuela.
9 (RLIN) 27921
650 #4 - PUNTO DE ACCESO ADICIONAL DE MATERIA--TÉRMINO DE MATERIA
Término de materia o nombre geográfico como elemento de entrada Regionalismo
Subdivisión geográfica Venezuela
9 (RLIN) 27922
700 1# - PUNTO DE ACCESO ADICIONAL--NOMBRE DE PERSONA
Nombre de persona Picón-Salas, Mariano,
Término indicativo de función/relación pról.
9 (RLIN) 27923
830 #0 - PUNTO DE ACCESO ADICIONAL DE SERIE-TÍTULO UNIFORME
Título uniforme Colección de bolsillo EDIME
Número de parte o sección de la obra 66
9 (RLIN) 27924
Holdings
Estado de retiro Estado de pérdida Restricciones de uso No para préstamo Código de colección Localización permanente Ubicación/localización actual Ubicación en estantería Fecha de adquisición Número de inventario Total de préstamos Signatura topográfica completa Código de barras Fecha visto por última vez Precio válido a partir de Tipo de ítem Koha
      Excluido de préstamo Monografías: Libros y Folletos General General Depósito 27.10.2009 LF1   v. 2 11797-10 25.06.2020 25.06.2020 No se presta
      Excluido de préstamo Monografías: Libros y Folletos General General Depósito 01.12.2010 LF1   v. 3 11797-20 25.06.2020 25.06.2020 No se presta
  Extraviado     Monografías: Libros y Folletos General General Extraviado 19.05.2017 LF1   467.987 R813b 11797-30 25.06.2020 25.06.2020 Préstamo en sala

Powered by Koha